[Event "Kohtla Jaerve Noorte CC"]
[Site "Kohtla Jaerve"]
[Date "2021.09.25"]
[Round "3"]
[White "Haapsal, Maria Ioanna"]
[Black "Smirnova, Jekaterina"]
[Result "1-0"]
[WhiteElo "1409"]
[BlackElo "1452"]
[PlyCount "65"]
[EventDate "2021.09.24"]
[EventType "swiss"]
[EventRounds "5"]
[EventCountry "EST"]
[SourceTitle "EXT 2023"]
[Source "ChessBase"]
[SourceDate "2022.10.05"]
[SourceVersion "1"]
[SourceVersionDate "2022.10.05"]
[SourceQuality "1"]

1. e4 c5 2. Nf3 Nc6 3. d4 cxd4 4. Nxd4 e5 5. Nb5 d6 6. N1c3 a6 7. Na3 b5 8. Nd5 Nf6 9. Bg5 Be7 10. Bxf6 gxf6 11. Qh5 Be6 12. Rd1 Bxd5 13. exd5 Nb8 14. c3 Nd7 15. Bd3 Nf8 16. 0-0 Ng6 17. g3 Qb6 18. Nc2 a5 19. Qe2 Rb8 20. Rfe1 b4 21. cxb4 axb4 22. Nd4 Ra8 23. b3 h5 24. h4 Qa7 25. Nc6 Qb6 26. Qd2 Rg8 27. Kh2 e4 28. Rxe4 Ne5 29. Nxe5 fxe5 30. Rxb4 Qa7 31. Ra4 Qb8 32. Rxa8 Qxa8 33. Bb5+ 1-0

[Event "Kohtla Jaerve Noorte CC"]
[Site "Kohtla Jaerve"]
[Date "2021.09.25"]
[Round "2"]
[White "Smirnova, Jekaterina"]
[Black "Blokhin, Sofia"]
[Result "0-1"]
[WhiteElo "1452"]
[BlackElo "2022"]
[PlyCount "64"]
[EventDate "2021.09.24"]
[EventType "swiss"]
[EventRounds "5"]
[EventCountry "EST"]
[SourceTitle "EXT 2023"]
[Source "ChessBase"]
[SourceDate "2022.10.05"]
[SourceVersion "1"]
[SourceVersionDate "2022.10.05"]
[SourceQuality "1"]

1. c4 c5 2. Nc3 Nf6 3. e4 Nc6 4. g3 d6 5. Bg2 g6 6. Nf3 Bg7 7. 0-0 0-0 8. d3 Ng4 9. h3 Nge5 10. Nxe5 dxe5 11. a3 e6 12. Be3 Qe7 13. Qc2 Rd8 14. Rad1 b6 15. Kh2 Bb7 16. f4 exf4 17. Bxf4 g5 18. Be3 h6 19. Ne2 Rd7 20. Rd2 Rad8 21. Rfd1 Be5 22. Bf3 Qf6 23. Kg2 Qg6 24. g4 Qg7 25. Rb1 Ne7 26. b4 Ng6 27. Bf2 cxb4 28. axb4 Qf6 29. Bg3 Bxg3 30. Kxg3 Qe5+ 31. Kf2 Qh2+ 32. Bg2 Nh4 0-1

[Event "Kohtla Jaerve Noorte CC"]
[Site "Kohtla Jaerve"]
[Date "2021.09.24"]
[Round "1"]
[White "Pool, Linda Maria"]
[Black "Smirnova, Jekaterina"]
[Result "1/2-1/2"]
[WhiteElo "1272"]
[BlackElo "1452"]
[PlyCount "94"]
[EventDate "2021.09.24"]
[EventType "swiss"]
[EventRounds "5"]
[EventCountry "EST"]
[SourceTitle "EXT 2023"]
[Source "ChessBase"]
[SourceDate "2022.10.05"]
[SourceVersion "1"]
[SourceVersionDate "2022.10.05"]
[SourceQuality "1"]

1. g4 c5 2. Bg2 Nc6 3. d3 e6 4. e4 g6 5. Nc3 Bg7 6. Nge2 Nge7 7. Be3 Nd4 8. Qd2 h6 9. h4 Qa5 10. h5 Nxe2 11. Nxe2 Qxd2+ 12. Kxd2 d6 13. c3 e5 14. hxg6 fxg6 15. g5 h5 16. Bh3 0-0 17. Bxc8 Raxc8 18. f4 d5 19. fxe5 dxe4 20. d4 Nd5 21. Bg1 Rf3 22. Rh4 Rd3+ 23. Ke1 Ne3 24. Bxe3 Rxe3 25. Rd1 cxd4 26. cxd4 Rc2 27. Rd2 Rxd2 28. Kxd2 Rd3+ 29. Kc2 Re3 30. Nc3 Rg3 31. Nxe4 Rg2+ 32. Kb3 Kf8 33. a3 Ke7 34. Rf4 Rg4 35. Rxg4 hxg4 36. Kc4 Ke6 37. Ng3 Bf8 38. Kd3 Be7 39. Ne4 g3 40. Nxg3 Bxg5 41. Ke4 Bc1 42. d5+ Ke7 43. Ne2 Bxb2 44. a4 a6 45. Nf4 g5 46. d6+ Kd7 47. Nd3 Ba3 1/2-1/2

[Event "Murmansk ChessMates 4th"]
[Site "Murmansk"]
[Date "2020.03.13"]
[Round "2.1"]
[White "Chervyakova, Tatiana"]
[Black "Smirnova, Jekaterina"]
[Result "1/2-1/2"]
[WhiteElo "1489"]
[BlackElo "1439"]
[PlyCount "89"]
[EventDate "2020.03.13"]
[EventType "team-tourn"]
[EventRounds "5"]
[EventCountry "RUS"]
[SourceTitle "CBM 195 Extra"]
[Source "ChessBase"]
[SourceDate "2020.05.31"]
[SourceVersion "1"]
[SourceVersionDate "2020.05.31"]
[SourceQuality "1"]
[WhiteTeam "Leningrad Region"]
[BlackTeam "Estonia Maletaht"]
[WhiteTeamCountry "RUS"]
[BlackTeamCountry "EST"]

1. d4 Nf6 2. c4 e6 3. Nf3 c5 4. e3 Be7 5. Be2 0-0 6. 0-0 d5 7. Nc3 cxd4 8. exd4 Nc6 9. h3 dxc4 10. Bxc4 Nd5 11. Bd2 Nb6 12. Bb5 Nxd4 13. Nxd4 Qxd4 14. Be3 Qb4 15. Bxb6 axb6 16. Qe2 Bf6 17. a3 Qe7 18. Rac1 Rd8 19. Rfd1 Bd7 20. Ne4 Bxb5 21. Nxf6+ Qxf6 22. Qxb5 Rxd1+ 23. Rxd1 Rd8 24. Rd7 Rxd7 25. Qxd7 g6 26. Qxb7 Qxb2 27. Qb8+ Kg7 28. a4 Qd4 29. Qc7 Qd1+ 30. Kh2 Qxa4 31. Qxb6 Qf4+ 32. g3 Qd2 33. Qc5 Qb2 34. Qe3 e5 35. Kg2 Qb7+ 36. Kh2 Qd5 37. Qa3 Qd2 38. Kg2 Qd5+ 39. Kh2 Qd4 40. Kg2 h5 41. h4 Qd7 42. Qc5 Qd4 43. Qa3 Qd5+ 44. Kh2 Qd7 45. Kg2 1/2-1/2

[Event "EU Union-ch U12"]
[Site "Kouty nad Desnou"]
[Date "2018.08.07"]
[Round "1"]
[White "Smirnova, Jekaterina"]
[Black "Prochazka, Vojtech"]
[Result "0-1"]
[WhiteElo "1170"]
[BlackElo "1554"]
[PlyCount "136"]
[EventDate "2018.08.07"]
[EventType "swiss"]
[EventRounds "9"]
[EventCountry "CZE"]
[SourceTitle "CBM 186 Extra"]
[Source "ChessBase"]
[SourceDate "2018.08.24"]
[SourceVersion "1"]
[SourceVersionDate "2018.08.24"]
[SourceQuality "1"]

1. c4 c5 2. Nc3 Nc6 3. Nf3 Nf6 4. e4 e5 5. d3 d6 6. Be2 Be7 7. 0-0 0-0 8. h3 Be6 9. Nd5 Nd7 10. Nxe7+ Qxe7 11. Ng5 f5 12. Nxe6 Qxe6 13. exf5 Qxf5 14. Bg4 Qf7 15. Bf3 Kh8 16. Bd5 Qe7 17. f4 Nf6 18. Bxc6 bxc6 19. Re1 Nd7 20. Qa4 Rfc8 21. fxe5 dxe5 22. Bd2 Qd6 23. Qc2 Nf6 24. Bc3 Re8 25. Qe2 e4 26. Bxf6 Qxf6 27. dxe4 Re7 28. Rad1 Rae8 29. Rb1 Qd4+ 30. Qf2 Qxc4 31. Rbc1 Qxa2 32. Qxc5 Qxb2 33. Qxc6 h6 34. Qc3 Qxc3 35. Rxc3 Rxe4 36. Rxe4 Rxe4 37. Ra3 Re7 38. Kf2 Kg8 39. Kf3 Kf7 40. Kf4 Ke6 41. Ke4 Kd6+ 42. Kd4 Kc6 43. Kc4 Kb6 44. Rb3+ Kc6 45. Ra3 Re2 46. g4 Re7 47. Kd3 Kb5 48. Kd4 a5 49. Rc3 Ra7 50. Rc5+ Kb4 51. Rc1 Rd7+ 52. Ke4 a4 53. Kf5 a3 54. Ke6 Ra7 55. Kf5 a2 56. Kg6 a1Q 57. Rxa1 Rxa1 58. Kxg7 Rh1 59. Kxh6 Rxh3+ 60. Kg6 Kc5 61. g5 Kd6 62. Kg7 Ke6 63. g6 Ke7 64. Kg8 Kf6 65. g7 Rg3 66. Kh7 Rxg7+ 67. Kh8 Rb7 68. Kg8 Ra7 0-1

[Event "EU Union-ch U12"]
[Site "Kouty nad Desnou"]
[Date "2017.08.23"]
[Round "5"]
[White "Smirnova, Jekaterina"]
[Black "Jordan, Felix"]
[Result "1/2-1/2"]
[WhiteElo "1149"]
[BlackElo "1480"]
[PlyCount "88"]
[EventDate "2017.08.19"]
[EventType "swiss"]
[EventRounds "9"]
[EventCountry "CZE"]
[SourceTitle "CBM 180 Extra"]
[Source "ChessBase"]
[SourceDate "2017.10.06"]
[SourceVersion "1"]
[SourceVersionDate "2017.10.06"]
[SourceQuality "1"]

1. d4 Nf6 2. c4 e6 3. a3 h6 4. Nc3 d5 5. e3 Be7 6. Nf3 0-0 7. Bd3 Nbd7 8. cxd5 Nxd5 9. e4 Nxc3 10. bxc3 Nb6 11. Bb2 c5 12. 0-0 Bd7 13. Ne5 cxd4 14. cxd4 Rb8 15. Nxd7 Qxd7 16. a4 a6 17. Qb3 Na8 18. d5 Nc7 19. Bc4 b5 20. axb5 axb5 21. Be2 exd5 22. exd5 Qxd5 23. Qxd5 Nxd5 24. Be5 Bf6 25. Bxb8 Bxa1 26. Bd6 Rd8 27. Bxb5 Rxd6 28. Rxa1 Nc3 29. Bc4 Rd4 30. Ba6 Rd8 31. Bb7 Kh7 32. g3 Rb8 33. Bf3 g5 34. Kg2 Kg6 35. Rc1 Rb3 36. Re1 h5 37. Re3 g4 38. Be4+ Kg7 39. Bd5 Ra3 40. Bc4 Nb1 41. Rxa3 Nxa3 42. Bd3 Kf6 43. f3 Ke5 44. fxg4 hxg4 1/2-1/2

[Event "EU Union-ch U12"]
[Site "Kouty nad Desnou"]
[Date "2017.08.20"]
[Round "2"]
[White "Smirnova, Jekaterina"]
[Black "Sustek, Adam"]
[Result "1-0"]
[WhiteElo "1149"]
[BlackElo "1442"]
[PlyCount "45"]
[EventDate "2017.08.19"]
[EventType "swiss"]
[EventRounds "9"]
[EventCountry "CZE"]
[SourceTitle "CBM 180 Extra"]
[Source "ChessBase"]
[SourceDate "2017.10.06"]
[SourceVersion "1"]
[SourceVersionDate "2017.10.06"]
[SourceQuality "1"]

1. d4 e6 2. c4 Nc6 3. Nc3 Nf6 4. Nf3 d5 5. e3 b6 6. Bd3 Bd6 7. 0-0 dxc4 8. Bxc4 Bb7 9. e4 Bb4 10. d5 exd5 11. exd5 Ne7 12. Qa4+ c6 13. Qxb4 cxd5 14. Bb5+ Nc6 15. Bxc6+ Bxc6 16. Re1+ Kd7 17. Ne5+ Kc7 18. Nxf7 Qf8 19. Qe7+ Qxe7 20. Rxe7+ Bd7 21. Bf4+ Kc6 22. Nxh8 Rxh8 23. Rc1 1-0

[Event "EU Union-ch U10 14th"]
[Site "Mureck"]
[Date "2016.08.11"]
[Round "9"]
[White "Smirnova, Jekaterina"]
[Black "Vicze, Kata"]
[Result "0-1"]
[WhiteElo "1141"]
[BlackElo "1495"]
[PlyCount "78"]
[EventDate "2016.08.03"]
[EventType "swiss"]
[EventRounds "9"]
[EventCountry "AUT"]
[SourceTitle "CBM 174 Extra"]
[Source "ChessBase"]
[SourceDate "2016.10.10"]
[SourceVersion "1"]
[SourceVersionDate "2016.10.10"]
[SourceQuality "1"]

1. d4 d5 2. Nf3 Nf6 3. Bf4 c5 4. dxc5 Nc6 5. e3 Bg4 6. Be2 e6 7. 0-0 Bxc5 8. c3 0-0 9. h3 Bh5 10. Ne5 Bxe2 11. Qxe2 Rc8 12. Nxc6 bxc6 13. b4 Bd6 14. Bxd6 Qxd6 15. Nd2 e5 16. Nf3 Ne4 17. Rac1 f5 18. Nd2 Nxd2 19. Qxd2 Rfd8 20. c4 Kh8 21. cxd5 cxd5 22. Rxc8 Rxc8 23. Rc1 Rd8 24. a3 h6 25. f3 d4 26. exd4 exd4 27. Rd1 d3 28. f4 Qe6 29. Kf2 Qb6+ 30. Qe3 Rd4 31. Kf3 Qd6 32. Rd2 Qd5+ 33. Kg3 Qe4 34. Qf3 g5 35. fxg5 Qe1+ 36. Qf2 f4+ 37. Kf3 Qe4+ 38. Kg4 f3+ 39. Kg3 Qf4# 0-1

[Event "EU Union-ch U10 14th"]
[Site "Mureck"]
[Date "2016.08.03"]
[Round "1"]
[White "Smirnova, Jekaterina"]
[Black "Putar, Lara"]
[Result "0-1"]
[WhiteElo "1141"]
[BlackElo "1407"]
[PlyCount "44"]
[EventDate "2016.08.03"]
[EventType "swiss"]
[EventRounds "9"]
[EventCountry "AUT"]
[SourceTitle "CBM 174 Extra"]
[Source "ChessBase"]
[SourceDate "2016.10.10"]
[SourceVersion "1"]
[SourceVersionDate "2016.10.10"]
[SourceQuality "1"]

1. d4 Nf6 2. Nf3 e6 3. Bg5 c5 4. e3 cxd4 5. exd4 Be7 6. Bd3 0-0 7. 0-0 Nd5 8. Bd2 Nc6 9. a3 Bf6 10. c3 a5 11. Re1 Qb6 12. Qc2 h6 13. Qc1 g5 14. Bxg5 hxg5 15. Nxg5 Nce7 16. Nh7 Ng6 17. Nxf8 Kxf8 18. a4 e5 19. Bxg6 fxg6 20. dxe5 Be7 21. Qh6+ Kg8 22. Qxg6+ Qxg6 0-1